[Event "Hamburg CupT final"]
[Site "Hamburg"]
[Date "2019.05.12"]
[Round "5.4"]
[White "Zart, Ruediger"]
[Black "Albers, Andreas"]
[Result "1/2-1/2"]
[WhiteElo "2072"]
[BlackElo "1945"]
[PlyCount "91"]
[EventDate "2019.05.11"]
[EventType "team-k.o."]
[EventRounds "5"]
[EventCountry "GER"]
[SourceTitle "EXT 2022"]
[Source "ChessBase"]
[SourceDate "2021.10.06"]
[SourceVersion "1"]
[SourceVersionDate "2021.10.06"]
[SourceQuality "1"]
[WhiteTeam "Johanneum Eppendorf"]
[BlackTeam "Hamburger SK III"]
[WhiteTeamCountry "GER"]
[BlackTeamCountry "GER"]

1. d4 Nf6 2. c4 g6 3. Nc3 d5 4. cxd5 Nxd5 5. e4 Nxc3 6. bxc3 Bg7 7. Bc4 c5 8. Ne2 Nc6 9. Be3 0-0 10. 0-0 Bg4 11. f3 Na5 12. Bxf7+ Rxf7 13. fxg4 Rxf1+ 14. Kxf1 cxd4 15. cxd4 e5 16. Rc1 exd4 17. Nxd4 Qe7 18. Qc2 Re8 19. Bf2 Qxe4 20. Qxe4 Rxe4 21. Rc8+ Kf7 22. Nb5 Be5 23. Nxa7 Nc4 24. Rd8 Ke7 25. Rd3 Bf4 26. g3 Be3 27. Nb5 Bxf2 28. Kxf2 Rxg4 29. Nc3 Rg5 30. Nd5+ Ke6 31. Nf4+ Ke7 32. Rc3 Rc5 33. h4 Nd6 34. Rxc5 Ne4+ 35. Ke3 Nxc5 36. Kd4 Kd6 37. g4 Nd7 38. h5 gxh5 39. Nxh5 Ne5 40. Nf6 Ke6 41. Nxh7 Nxg4 42. Kc5 Kd7 43. Kb6 Kc8 44. Ng5 Ne3 45. Ne4 Kb8 46. a4 1/2-1/2

[Event "Oberliga Nord N 1718"]
[Site "Germany"]
[Date "2018.02.04"]
[Round "6.1"]
[White "Zart, Ruediger"]
[Black "Fries Nielsen, Jens Ove"]
[Result "0-1"]
[WhiteElo "2211"]
[BlackElo "2359"]
[PlyCount "124"]
[EventDate "2017.10.08"]
[EventType "team-tourn"]
[EventRounds "9"]
[EventCountry "GER"]
[SourceTitle "EXT 2019"]
[Source "ChessBase"]
[SourceDate "2018.10.10"]
[SourceVersion "1"]
[SourceVersionDate "2018.10.10"]
[SourceQuality "1"]
[WhiteTeam "Eppendorf Johanneum"]
[BlackTeam "Bargteheide"]
[WhiteTeamCountry "GER"]
[BlackTeamCountry "GER"]

1. e4 g6 2. d4 Bg7 3. Nc3 Nc6 4. Nf3 d6 5. h3 a6 6. Be2 Nf6 7. 0-0 0-0 8. d5 Na7 9. a4 c5 10. Bf4 b6 11. e5 Ne8 12. Re1 Bb7 13. Qd2 Nc7 14. exd6 exd6 15. Bh6 b5 16. Bxg7 Kxg7 17. Qf4 b4 18. Ne4 Nc8 19. c4 bxc3 20. Nxc3 Bxd5 21. Qd2 Bxf3 22. Bxf3 Rb8 23. Bg4 f5 24. Bf3 Qf6 25. Rad1 Rf7 26. Re2 Rb4 27. Rde1 Nb6 28. Qc2 a5 29. Bc6 d5 30. Be8 Nxe8 31. Rxe8 f4 32. R1e6 Qf5 33. Qe2 f3 34. Qxf3 Qxf3 35. gxf3 Rxb2 36. Rc6 d4 37. Ne4 c4 38. Ree6 c3 39. Kg2 Nd5 40. Red6 Nf4+ 41. Kh2 c2 42. Rxd4 Ne2 43. Rdc4 c1Q 44. Rxc1 Nxc1 45. Rxc1 Rxf3 46. Rc7+ Rf7 47. Rc5 Rf4 48. Ng5 Rxa4 49. Rc7+ Kf6 50. Nxh7+ Ke5 51. Kg3 Ra1 52. h4 a4 53. Nf8 a3 54. Nxg6+ Kf6 55. Rc6+ Kg7 56. Ne5 a2 57. Rg6+ Kh7 58. Ra6 Rg1+ 59. Kh3 a1Q 60. Rxa1 Rxa1 61. f3 Re2 62. Ng4 Rg1 0-1

[Event "Oberliga Nord N 1718"]
[Site "Germany"]
[Date "2018.01.21"]
[Round "5.2"]
[White "Zart, Ruediger"]
[Black "Korba, Roman"]
[Result "1-0"]
[WhiteElo "2211"]
[BlackElo "2142"]
[PlyCount "89"]
[EventDate "2017.10.08"]
[EventType "team-tourn"]
[EventRounds "9"]
[EventCountry "GER"]
[SourceTitle "EXT 2019"]
[Source "ChessBase"]
[SourceDate "2018.10.10"]
[SourceVersion "1"]
[SourceVersionDate "2018.10.10"]
[SourceQuality "1"]
[WhiteTeam "Eppendorf Johanneum"]
[BlackTeam "Hamburg Diogenes"]
[WhiteTeamCountry "GER"]
[BlackTeamCountry "GER"]

1. e4 g6 2. d4 Bg7 3. Nc3 a6 4. a4 d6 5. Nf3 Nf6 6. Be2 0-0 7. 0-0 b6 8. Re1 Bb7 9. Bf1 e6 10. Bf4 h6 11. h3 Re8 12. Qd2 Kh7 13. Rad1 Ng8 14. Qe3 Nd7 15. e5 Bxf3 16. Qxf3 d5 17. g4 Ne7 18. Ne2 c5 19. c3 c4 20. h4 b5 21. axb5 axb5 22. Ra1 Rf8 23. Qe3 Nc6 24. Bg3 Qb6 25. Kh1 b4 26. h5 Rfb8 27. Nf4 Nf8 28. hxg6+ fxg6 29. Bh3 bxc3 30. bxc3 Qb2 31. Rxa8 Rxa8 32. g5 Nd8 33. gxh6 Bxh6 34. Bg4 Ra3 35. Rc1 Ra1 36. Rxa1 Qxa1+ 37. Kg2 Qb1 38. Qf3 Bxf4 39. Bxf4 Kg7 40. Bg5 Nf7 41. Be7 Qd3 42. Qf6+ Kg8 43. Bxf8 Kxf8 44. Bxe6 Qe4+ 45. Kg3 1-0

[Event "Oberliga Nord N 1516"]
[Site "Germany"]
[Date "2016.04.10"]
[Round "9.3"]
[White "Zart, Ruediger"]
[Black "Pfreundt, Jakob"]
[Result "1/2-1/2"]
[WhiteElo "2173"]
[BlackElo "2252"]
[PlyCount "81"]
[EventDate "2015.09.20"]
[EventType "team-tourn"]
[EventRounds "9"]
[EventCountry "GER"]
[SourceTitle "EXT 2017"]
[Source "ChessBase"]
[SourceDate "2016.10.25"]
[SourceVersion "1"]
[SourceVersionDate "2016.10.25"]
[SourceQuality "1"]
[WhiteTeam "Eppendorf Johanneum"]
[BlackTeam "Hamburg Koenigsspringer"]
[WhiteTeamCountry "GER"]
[BlackTeamCountry "GER"]

1. e4 e5 2. Nf3 Nc6 3. Bb5 a6 4. Ba4 d6 5. Bxc6+ bxc6 6. d4 exd4 7. Qxd4 c5 8. Qd3 Ne7 9. 0-0 Ng6 10. Nc3 Bb7 11. Re1 Be7 12. Nd5 0-0 13. Bd2 Bf6 14. Rab1 Re8 15. c4 Nf8 16. Bc3 Bxc3 17. Qxc3 Ne6 18. Rbd1 f6 19. Qd2 Kh8 20. Re2 Qd7 21. Rde1 a5 22. h3 Ba6 23. b3 a4 24. Nf4 Bb7 25. Nxe6 Qxe6 26. Qc3 axb3 27. axb3 Bc6 28. Nd2 Qe5 29. Qxe5 fxe5 30. f3 Ra2 31. Nb1 Ra7 32. Rb2 Rb8 33. Nd2 Kg8 34. Kf2 Kf7 35. Ke3 Rba8 36. Kd3 Ke7 37. Kc3 Bd7 38. Nf1 Be6 39. Ne3 Rb7 40. Rd1 Kf7 41. Nc2 1/2-1/2

[Event "Hamburg St Pauli op-A"]
[Site "Hamburg"]
[Date "2015.07.20"]
[Round "4"]
[White "Zart, Ruediger"]
[Black "Feuerstack, Aljoscha"]
[Result "0-1"]
[WhiteElo "2210"]
[BlackElo "2446"]
[PlyCount "102"]
[EventDate "2015.07.18"]
[EventType "swiss"]
[EventRounds "9"]
[EventCountry "GER"]
[SourceTitle "EXT 2016"]
[Source "ChessBase"]
[SourceDate "2015.10.08"]
[SourceVersion "1"]
[SourceVersionDate "2015.10.08"]
[SourceQuality "1"]

1. e4 c5 2. Nf3 e6 3. d4 cxd4 4. Nxd4 a6 5. Bd3 Nf6 6. c4 Nc6 7. Nxc6 dxc6 8. Nc3 e5 9. 0-0 Bc5 10. Qe2 Bg4 11. Qc2 0-0 12. Be2 Be6 13. Kh1 Ng4 14. Bxg4 Bxg4 15. b3 Qe7 16. Bb2 Rad8 17. f3 Bc8 18. Rad1 Bd4 19. Ne2 Ba7 20. Ng3 g6 21. Bc1 f6 22. Qe2 Qc5 23. f4 exf4 24. Bxf4 Qe7 25. Rde1 Bd4 26. Qf3 Rfe8 27. h3 c5 28. Kh2 b6 29. Be3 Be5 30. Bf4 Bd4 31. Be3 Rf8 32. Bh6 Rf7 33. Bf4 Bb7 34. Qg4 Kh8 35. Re2 Bc8 36. Qf3 Bb7 37. Qg4 Bc8 38. Qf3 Qe6 39. Nh1 Bb7 40. Ng3 Kg8 41. Kh1 b5 42. cxb5 axb5 43. Qd3 b4 44. Ree1 Ba6 45. Qf3 Bxf1 46. Rxf1 c4 47. bxc4 Qxc4 48. Qg4 Be5 49. Bxe5 fxe5 50. Rxf7 Qxf7 51. Qe2 Qf4 0-1

[Event "Oberliga Nord N 1213"]
[Site "Germany"]
[Date "2013.01.13"]
[Round "5.1"]
[White "Zart, Ruediger"]
[Black "Krueger, Wolfgang"]
[Result "1/2-1/2"]
[WhiteElo "2206"]
[BlackElo "2160"]
[PlyCount "26"]
[EventDate "2012.10.14"]
[EventType "team-tourn"]
[EventRounds "9"]
[EventCountry "GER"]
[SourceTitle "EXT 2015"]
[Source "ChessBase"]
[SourceDate "2014.11.20"]
[SourceVersion "1"]
[SourceVersionDate "2014.11.20"]
[SourceQuality "1"]
[WhiteTeam "Eppendorf"]
[BlackTeam "Schwarzenbek"]
[WhiteTeamCountry "GER"]
[BlackTeamCountry "GER"]

1. d4 Nf6 2. c4 e5 3. dxe5 Ng4 4. Bf4 Nc6 5. Nf3 Bb4+ 6. Nbd2 Qe7 7. e3 Ngxe5 8. Nxe5 Nxe5 9. Be2 0-0 10. 0-0 a5 11. Nf3 Nxf3+ 12. Bxf3 Ra6 13. a3 Bd6 1/2-1/2

[Event "Oberliga Nord N 1213"]
[Site "Germany"]
[Date "2012.10.14"]
[Round "1.1"]
[White "Zart, Ruediger"]
[Black "Berg, Klaus"]
[Result "0-1"]
[WhiteElo "2206"]
[BlackElo "2390"]
[PlyCount "84"]
[EventDate "2012.10.14"]
[EventType "team-tourn"]
[EventRounds "9"]
[EventCountry "GER"]
[SourceTitle "EXT 2015"]
[Source "ChessBase"]
[SourceDate "2014.11.20"]
[SourceVersion "1"]
[SourceVersionDate "2014.11.20"]
[SourceQuality "1"]
[WhiteTeam "Eppendorf"]
[BlackTeam "Kiel Turm"]
[WhiteTeamCountry "GER"]
[BlackTeamCountry "GER"]

1. e4 c6 2. d4 d5 3. Nc3 dxe4 4. Nxe4 Bf5 5. Ng3 Bg6 6. h4 h6 7. Nf3 Nd7 8. h5 Bh7 9. Bd3 Bxd3 10. Qxd3 e6 11. Bd2 Ngf6 12. 0-0-0 Be7 13. Ne4 0-0 14. Kb1 Nxe4 15. Qxe4 Nf6 16. Qe2 Qd5 17. c4 Qe4+ 18. Qxe4 Nxe4 19. Be3 Rad8 20. Ne5 Rd6 21. g4 Rfd8 22. f3 Nf6 23. Rd3 Nd7 24. Nxd7 R6xd7 25. Rhd1 b5 26. b3 a5 27. Kc2 Bf6 28. R1d2 Kh7 29. Kd1 g6 30. hxg6+ Kxg6 31. Ke2 h5 32. gxh5+ Kxh5 33. Kf1 Kg6 34. d5 bxc4 35. bxc4 cxd5 36. Bb6 Rb8 37. Bxa5 Ra7 38. Rg2+ Kf5 39. Be1 dxc4 40. Rdd2 Ra3 41. Ke2 c3 42. Rc2 Rb2 0-1